000 00747 a2200181 4500
003 Nust
005 20170207154437.0
040 _cNust
082 _a050
100 _aMaj Gen Athar Abbas,
245 _aHilal April-2011
_cMaj Gen Athar Abbas,
250 _a10,Vol 47
260 _aRawalpindi
_bISPR
_c2011
300 _aUrdu 56 English 42
505 _aFuture Maps (Page-5) Serious Notes (Page-6) Pak-China Friendship Year (Page-8) Scourge of Terrorism (Page-10) Economic Profile (Page-13) Current Issues (Page-15) Valiant Heroes (Page-22) Health Watch (Page-26) Why Do not Learn from History (Page-28) Miscellanea (Page-30) News Update and Picture Gallery (Page-36)
538 _aAlmirah No.137 Shelf No.5
651 _aPakistan Armed Forces Magazine
942 _cMAGS
999 _c197714
_d197714